Wes Anderson Tile Select Quiz - Statistics

General Stats
  • This quiz has been taken 64 times
  • The average score is 31 of 45
Answer Stats
Question Tile Select % Correct
the actual Wes Anderson movies. That he directed. The French Dispatch Yes
100%
the actual Wes Anderson movies. That he directed. Escapes No
98%
the movies that Anderson collaborated with Bill Murray on. Kingpin No
98%
the movies that Anderson collaborated with Bill Murray on. On the Rocks No
98%
the actual Wes Anderson movies. That he directed. She's Funny That Way No
98%
the actual Wes Anderson movies. That he directed. The Darjeeling Limited Yes
98%
the actual Wes Anderson movies. That he directed. Asteroid City Yes
95%
the movies that Anderson collaborated with Bill Murray on. Lost in Translation No
95%
the actual Wes Anderson movies. That he directed. The Squid and the Whale No
95%
the actual Wes Anderson movies. That he directed. Sing No
93%
the short films released exclusively on Netflix in 2023. The Wonderful Story of Henry Sugar Yes
90%
the actual Wes Anderson movies. That he directed. Bottle Rocket Yes
88%
the actual Wes Anderson movies. That he directed. Rushmore Yes
88%
the short films released exclusively on Netflix in 2023. Castello Calvalcanti No
86%
the movies that Anderson collaborated with Bill Murray on. Fantastic Mr. Fox Yes
86%
the short films released exclusively on Netflix in 2023. Asteroid City No
83%
the short films released exclusively on Netflix in 2023. Bottle Rocket No
83%
the short films released exclusively on Netflix in 2023. Hotel Chevalier No
83%
the short films released exclusively on Netflix in 2023. The French Dispatch No
81%
the short films released exclusively on Netflix in 2023. The Rat Catcher Yes
81%
the movies that Anderson collaborated with Bill Murray on. Bottle Rocket No
79%
the movies that Anderson collaborated with Bill Murray on. Isle of Dogs Yes
72%
the movies that Anderson collaborated with Bill Murray on. The French Dispatch Yes
72%
the movies that Wes Anderson acted in to some degree. The Squid and the Whale No
72%
the movies that Anderson collaborated with Bill Murray on. Rushmore Yes
71%
the movies that Wes Anderson acted in to some degree. Fantastic Mr. Fox Yes
69%
the short films released exclusively on Netflix in 2023. Poison Yes
62%
the movies that Wes Anderson acted in to some degree. The Grand Budapest Hotel No
62%
That was co-written with someone else. Bottle Rocket Yes
60%
the short films released exclusively on Netflix in 2023. The Swan Yes
60%
That was co-written with someone else. The Royal Tenenbaums Yes
59%
That was co-written with someone else. Fantastic Mr. Fox Yes
53%
the movies that Anderson collaborated with Bill Murray on. Asteroid City No
47%
That was co-written with someone else. Asteroid City No
47%
That was co-written with someone else. Isle of Dogs Yes
47%
the movies that Wes Anderson acted in to some degree. Isle of Dogs No
47%
That was co-written with someone else. The French Dispatch No
45%
the movies that Wes Anderson acted in to some degree. Bottle Rocket Yes
43%
That was co-written with someone else. Rushmore Yes
43%
That was co-written with someone else. The Darjeeling Limited Yes
41%
That was co-written with someone else. The Grand Budapest Hotel No
38%
the movies that Wes Anderson acted in to some degree. The Royal Tenenbaums Yes
38%
the movies that Wes Anderson acted in to some degree. Sing Yes
34%
the movies that Wes Anderson acted in to some degree. Rushmore Yes
33%
the movies that Wes Anderson acted in to some degree. Sing 2 Yes
28%
No matching quizzes found
Score Distribution
Percent of People with Each Score
Percentile by Number Answered
Your Score History
You have not taken this quiz